Augustus Caesar dates - Statistics

General Stats
  • This quiz has been taken 18 times
  • The average score is 37 of 60
Answer Stats
Hint Answer % Correct
What year did Julius Caesar die? 44 BC
93%
During which year did Octavian celebrate a triple triumph? 29 BC
80%
When did Antony try to declare Caesarion as Julius Caesar's heir? 33 BC
80%
What year did the battle of Philippi take place? 42 BC
80%
What year was Caesar deified? 42 BC
80%
What year were Julius Caesar's funeral games held? 43 BC
80%
When was Octavian's first consulship? 43 BC
80%
What year did proscriptions begin? 43 BC
80%
When did the senate declare war against Antony? 43 BC
80%
When was the treaty of Bononia signed? 43 BC
80%
When was the battle of Mutina? 43 BC
80%
What year was the lex titia passed, legalising the second triumvirate? 43 BC
80%
When was the first constitutional settlement? 27 BC
73%
When was Octavian named Augustus? 27 BC
73%
When did Octavian open the temple of Phoebus Apollo? 28 BC
73%
When was the battle of Actium? 31 BC
73%
When did Antony marry Cleopatra? 37 BC
73%
When was the perusine war fought? 41 BC
73%
When was the third constitutional settlement? 19 BC
67%
When was the second constitutional settlement? 23 BC
67%
What year did Augustus give up the consulship and receive tribunician power? 23 BC
67%
What year did Marcellus die? 23 BC
67%
During which year did Cleopatra and Antony commit suicide? 30 BC
67%
When was the battle of Naulochus? 36 BC
67%
When was Lepidus stripped of his triumviral powers? 36 BC
67%
When was Augustus elected Pontifex Maximus? 12 BC
60%
When did Agrippa die? 12 BC
60%
When did Augustus adopt Gauis and Lucius? 17 BC
60%
When were the Ludi Saeculares held? 17 BC
60%
What year were the Parthian standards returned? 20 BC
60%
When did Augustus begin work on his Mausoleum? 32 BC
60%
When did the senate declare war against Antony? 32 BC
60%
When did Octavian marry Livia? 38 BC
60%
When was the treaty of Brundisium signed? 40 BC
60%
When did Octavian order the deaths of those who sided with Antony at Perusia? 40 BC
60%
When did Tiberius marry Julia the elder? 11 BC
53%
When was Tiberius' first consulship? 13 BC
53%
When were the Actian games celebrated? 16 BC
53%
What year did Augustus revise the senate membership (lectio senatus)? 18 BC
53%
When were the Leges Juliae passed? 18 BC
53%
What year was Augustus offered the dictatorship? 22 BC
53%
When were the Forum Augustum and the temple of Mars Ultor dedicated? 2 BC
53%
When was Julia the Elder exiled? 2 BC
53%
During which year did Antony host the donations of Alexandria? 34 BC
53%
When did the triumvirate make a pact with Sextus Pompeuis to end the blockade? 39 BC
53%
When did Octavian marry Scribonia and have Julia the elder? 39 BC
53%
When are Gaius and Lucius named Princeps Iuventutis? 5 BC
53%
When did the theatre of Marcellus open? 9 BC
53%
When was the Ara Pacis dedicated? 9 BC
53%
When did the senate close Janus for the first time? 25 BC
47%
When was the Lex Papia Poppaea passed? AD 9
47%
When was the Varus disaster? AD 9
47%
When was Tiberius given maius imperium? AD 13
40%
When did Augustus finish writing the Res Gestae? AD 13
40%
What year was Augustus deified by senatorial decree? AD 14
40%
What year did Augustus die? AD 14
40%
When did Lucius die? AD 2
40%
When does Gaius die? AD 4
40%
When was Agrippa Postumus exiled? AD 6
40%
When was Julia the younger exiled? AD 8
40%
No matching quizzes found
Score Distribution
Percent of People with Each Score
Percentile by Number Answered
Your Score History
You have not taken this quiz